Associació d'Educació Permanent d'Adults (A.E.P.A.)

Publicado: Barcelona : [A.E.P.A.], D.L: 1983
Descripción Física: 1 tríptic : il. ; 30 cm

MARC

LEADER 00000nam a2200000Ia 4500
001 15892
003 BGR
005 20260324180122.0
008 160829s9999 xx 000 0 cat d
080 |a FU-40-8 
110 2 |a Associació d'Educació Permanent d'Adults  |9 70535 
245 |a Associació d'Educació Permanent d'Adults (A.E.P.A.) 
260 |a Barcelona :  |b [A.E.P.A.], D.L:  |b 1983 
300 |a 1 tríptic :  |b  il. ;  |c 30 cm 
590 |a Prové de G-569, exp. 9. 
650 |a Educació d'adults  |x Catalunya  |9 46926 
901 |a Arxiu 
942 |n 1  |2 udc  |c MON 
952 |0 0  |1 0  |4 0  |6 FU408  |7 1  |9 53533  |a Arxiu  |b Arxiu  |d 2016-12-01  |l 0  |o FU-40-8  |p 15892  |r 2016-12-01 00:00:00  |w 2016-12-01  |y ARXIU 
999 |c 57399  |d 57399